Online
Catalog

Estuche de muerte / (Record no. 3790)

MARC details
000 -CABECERA
campo de control de longitud fija 00791cam a2200241 a 4500
001 - NÚMERO DE CONTROL
campo de control 000003971
005 - FECHA Y HORA DE LA ÚLTIMA TRANSACCIÓN
campo de control 20200929150639.0
008 - DATOS DE LONGITUD FIJA--INFORMACIÓN GENERAL
campo de control de longitud fija 740606s1967 mx 000 f spa
040 ## - FUENTE DE LA CATALOGACIÓN
Centro catalogador/agencia de origen DO-SdBNP
Lengua de catalogación spa
Centro/agencia transcriptor BNPHU
041 17 - CÓDIGO DE LENGUA
Código de lengua del texto/banda sonora o título independiente spa
Código de lengua original eng
082 ## - NÚMERO DE LA CLASIFICACIÓN DECIMAL DEWEY
Número de clasificación 813.54
Número de documento/Ítem S699e
100 1# - ENTRADA PRINCIPAL--NOMBRE DE PERSONA
Nombre de persona Sontag, Susan,
Fechas asociadas al nombre 1933-2004
9 (RLIN) 11917
240 10 - TÍTULO UNIFORME
Título uniforme Death kit.
Lenguaje de la obra Español
245 10 - MENCIÓN DE TÍTULO
Título Estuche de muerte /
Mención de responsabilidad, etc. Susan Sontag ; traducción de Roberto Ruiz.
260 ## - PUBLICACIÓN, DISTRIBUCIÓN, ETC.
Lugar de publicación, distribución, etc. Mexico, D. F. :
Nombre del editor, distribuidor, etc. Joaquín Mortiz,
Fecha de publicación, distribución, etc. 1967.
300 ## - DESCRIPCIÓN FÍSICA
Extensión 372 p. ;
Dimensiones 19 cm.
440 #4 - MENCIÓN DE SERIE/PUNTO DE ACCESO ADICIONAL--TÍTULO
Título Novelistas contemporáneos
9 (RLIN) 11918
534 ## - NOTA SOBRE LA VERSIÓN ORIGINAL
Frase introductoria Título original:
Mención de título del original Death kit
650 #4 - PUNTO DE ACCESO ADICIONAL DE MATERIA--TÉRMINO DE MATERIA
Término de materia o nombre geográfico como elemento de entrada Novela
Subdivisión general Ficción
Subdivisión geográfica Estadounidense
9 (RLIN) 11919
650 #4 - PUNTO DE ACCESO ADICIONAL DE MATERIA--TÉRMINO DE MATERIA
Término de materia o nombre geográfico como elemento de entrada Novela
Subdivisión general Psicológica
9 (RLIN) 11920
650 #4 - PUNTO DE ACCESO ADICIONAL DE MATERIA--TÉRMINO DE MATERIA
Término de materia o nombre geográfico como elemento de entrada Literatura estadounidense
9 (RLIN) 263
700 1# - PUNTO DE ACCESO ADICIONAL--NOMBRE DE PERSONA
Nombre de persona Ruiz, Roberto,
Término indicativo de función/relación tr.
9 (RLIN) 11921
Holdings
Estado de retiro Estado de pérdida Restricciones de uso No para préstamo Código de colección Localización permanente Ubicación/localización actual Ubicación en estantería Fecha de adquisición Número de inventario Total de préstamos Signatura topográfica completa Código de barras Fecha visto por última vez Precio válido a partir de Tipo de ítem Koha
    Préstamo interno   Monografías: Libros y Folletos General General Depósito 15.07.2009 LF1   813.54 S699e 3971-10 25.06.2020 25.06.2020 Préstamo interno

Powered by Koha